K budúcej úprave darovania

Predmet darovania a kategorizácia darov. Motivácia darcu v historickej perspektíve. Pojmové znaky darovania. Obsah darovacej zmluvy a modality darovania.

Salvato in:
Dettagli Bibliografici
Autore principale: Jurčová, Monika
Natura: Capitolo di libro
Lingua:slovacco
Soggetti:
Tags: Aggiungi Tag
Nessun Tag, puoi essere il primo ad aggiungerne!!

MARC

LEADER 00000naa a2200000 4500
001 0183497
005 20231208100555.2
041 0 |a slo 
044 |a SK 
245 1 0 |a K budúcej úprave darovania  |c Monika Jurčová 
520 |a Predmet darovania a kategorizácia darov. Motivácia darcu v historickej perspektíve. Pojmové znaky darovania. Obsah darovacej zmluvy a modality darovania. 
610 2 0 |a dary 
610 2 0 |a zmluvy darovacie 
610 2 0 |a zákonník občiansky 
100 1 |a Jurčová, Monika